[Event "2ème Open International de Haute-Bretag"]
[Site "Rennes"]
[Date "2009.07.21"]
[Round "9.18"]
[White "Legras, Sebastien"]
[Black "Melloul, Claude"]
[Result "0-1"]
[WhiteElo "1700"]
[BlackElo "2019"]
[PlyCount "39"]
[EventDate "2009.08.21"]
[EventType "swiss"]
[EventRounds "9"]
[EventCountry "FRA"]

1. d4 Nf6 2. Nf3 g6 3. Nc3 Bg7 4. e4 d6 5. Be3 O-O 6. Qd2 Ng4 7. Bg5 h6 8. Bh4
c6 9. O-O-O b5 10. Bd3 Nd7 11. h3 Ngf6 12. g4 e5 13. dxe5 dxe5 14. g5 hxg5 15.
Bxg5 b4 16. Ne2 Qa5 17. Kb1 Nc5 18. Nxe5 Nfxe4 19. Bxe4 Nxe4 20. Qd4 0-1

[Event "2ème Open International de Haute-Bretag"]
[Site "Rennes"]
[Date "2009.??.??"]
[Round "9.19"]
[White "Josse, Mathilde"]
[Black "Schmouchkovitch, Michel"]
[Result "0-1"]
[WhiteElo "1688"]
[BlackElo "1996"]
[PlyCount "150"]
[EventDate "2009.08.21"]
[EventType "swiss"]
[EventRounds "9"]
[EventCountry "FRA"]

1. e4 e6 2. d4 d5 3. Nd2 dxe4 4. Nxe4 Bd7 5. Nf3 Bc6 6. Bd3 Nd7 7. O-O Ngf6 8.
Ng3 Be7 9. Qe2 Bxf3 10. Qxf3 c6 11. b3 Qa5 12. Bb2 Ba3 13. Bxa3 Qxa3 14. c4 Qd6
15. Ne2 a5 16. Bc2 O-O 17. Rad1 Rfd8 18. Nc3 Nf8 19. Rfe1 Qc7 20. Bb1 Rd7 21.
Ne4 Nxe4 22. Bxe4 Rad8 23. d5 exd5 24. cxd5 c5 25. Rd3 Rd6 26. Rde3 Rf6 27. Qg3
Qxg3 28. hxg3 b6 29. Bf3 Rfd6 30. Re7 R6d7 31. Re8 g6 32. Kf1 Kg7 33. R1e3 h6
34. Ke2 Nh7 35. Kd3 Rxe8 36. Rxe8 Nf6 37. Re5 Kf8 38. Kc4 Rd6 39. Kb5 g5 40.
Kc4 Ne8 41. Bh5 Rf6 42. f3 Nd6+ 43. Kd3 Rf5 44. Rxf5 Nxf5 45. Bg4 Nd6 46. f4
Ke7 47. Ke3 b5 48. Kd3 Kd8 49. Ke3 Kc7 50. Kd3 Kb6 51. Ke3 f5 52. Be2 b4 53.
Bd3 Kc7 54. Bc2 Kd8 55. Bd3 Ke7 56. Bc2 Kf6 57. Bd3 Nc8 58. Bb5 Nb6 59. Bd3
Nxd5+ 60. Kd2 gxf4 61. gxf4 Nxf4 62. Bf1 Ke5 63. Ke3 Nd5+ 64. Kd3 Nb6 65. Be2
Kf4 66. Bf3 Kg5 67. Be2 h5 68. Ke3 Nd5+ 69. Kd2 Nc3 70. Bf3 Nxa2 71. Kd3 Nc3
72. Kc4 Ne4 73. Kd5 h4 74. Kc6 Kf4 75. Kb5 h3 0-1

[Event "2ème Open International de Haute-Bretag"]
[Site "Rennes"]
[Date "2009.??.??"]
[Round "9.20"]
[White "Caillot, Arnaud"]
[Black "Castel, Efflam"]
[Result "1-0"]
[WhiteElo "1698"]
[BlackElo "1927"]
[PlyCount "77"]
[EventDate "2009.08.21"]
[EventType "swiss"]
[EventRounds "9"]
[EventCountry "FRA"]

1. d4 c5 2. d5 e6 3. c4 Nf6 4. Nc3 exd5 5. cxd5 d6 6. e4 g6 7. Nf3 Bg7 8. Be2
O-O 9. O-O Nbd7 10. Bf4 Re8 11. Qc2 Qe7 12. Rfe1 a6 13. a4 Ng4 14. a5 Nge5 15.
Nxe5 Nxe5 16. f3 f5 17. Qb3 g5 18. Bd2 f4 19. Na4 Rf8 20. Nb6 Rb8 21. Nxc8
Rbxc8 22. Rec1 h5 23. h3 Rf6 24. Bc3 Rg6 25. Bxe5 Bxe5 26. Qb6 Rf8 27. Ra3 g4
28. fxg4 hxg4 29. Bxg4 Bd4+ 30. Kh1 Qg7 31. Rc2 Rh6 32. Be6+ Kh8 33. Rf3 Be3
34. Qxd6 Re8 35. Qd7 Qxd7 36. Bxd7 Rxe4 37. Be6 Ra4 38. g3 Rxh3+ 39. Bxh3 1-0

[Event "2ème Open International de Haute-Bretag"]
[Site "Rennes"]
[Date "2009.??.??"]
[Round "9.21"]
[White "Le Marec, Simon"]
[Black "Ruhlmann, Helene"]
[Result "1-0"]
[WhiteElo "2064"]
[BlackElo "1720"]
[PlyCount "163"]
[EventDate "2009.08.21"]
[EventType "swiss"]
[EventRounds "9"]
[EventCountry "FRA"]

1. e4 d5 2. d4 dxe4 3. Nc3 Nf6 4. f3 e3 5. Bxe3 Bf5 6. Bc4 c6 7. Nge2 e6 8. Bb3
Nbd7 9. Qd2 Nb6 10. h4 h5 11. O-O-O Qd7 12. Ng3 Bg6 13. Nge4 Nbd5 14. Nxd5 Nxd5
15. Nc5 Bxc5 16. dxc5 O-O-O 17. Bg1 f6 18. Qa5 Kb8 19. Bh2+ e5 20. c4 Qc7 21.
Qxc7+ Nxc7 22. Rd6 Bf5 23. Rhd1 Kc8 24. Bg1 Rd7 25. Rxd7 Bxd7 26. Bc2 Rd8 27.
b3 Be8 28. Bf5+ Bd7 29. Be4 Be8 30. Rd6 a6 31. Be3 Bd7 32. Kd2 Ne8 33. Ke2 Nxd6
34. cxd6 Be6 35. c5 f5 36. Bd3 g6 37. Kd2 Bd5 38. Be2 Re8 39. g3 Rf8 40. Bh6
Re8 41. Bd1 e4 42. f4 Rg8 43. Ke3 Kb8 44. Bg5 Kc8 45. Bf6 Kd7 46. Bc3 Rb8 47.
Ba5 Bf7 48. Kd4 Re8 49. Bd2 Ke6 50. Be2 Kd7 51. Be3 Kc8 52. Kc3 Kb8 53. Bd4 Kc8
54. Kb4 Rd8 55. Ka5 Bd5 56. Be3 Kb8 57. Kb6 Rd7 58. Bd1 Rd8 59. a4 Rd7 60. b4
Ka8 61. Be2 Kb8 62. b5 axb5 63. axb5 Ka8 64. Bd1 cxb5 65. Kxb5 Bc6+ 66. Kb6 Kb8
67. Bb3 Rd8 68. Be6 Bd7 69. Bd5 Bc8 70. Bd4 Rd7 71. Bb3 Rh7 72. Bg8 Rd7 73. Bd5
Rd8 74. Bf6 Rd7 75. Bg8 Ka8 76. Be6 Rxd6+ 77. cxd6 Bxe6 78. Kc7 e3 79. Bc3 Ka7
80. d7 Bxd7 81. Kxd7 Kb6 82. Bd4+ 1-0

[Event "2ème Open International de Haute-Bretag"]
[Site "Rennes"]
[Date "2009.??.??"]
[Round "9.22"]
[White "Collet, Davy"]
[Black "Le Gallo, Frederic"]
[Result "0-1"]
[WhiteElo "1819"]
[BlackElo "2041"]
[PlyCount "78"]
[EventDate "2009.08.21"]
[EventType "swiss"]
[EventRounds "9"]
[EventCountry "FRA"]

1. d4 Nf6 2. Nf3 d5 3. e3 g6 4. c4 c6 5. Nc3 Bg7 6. Be2 O-O 7. O-O Nbd7 8. a4
Re8 9. Ne5 Ne4 10. Nxd7 Nxc3 11. bxc3 Bxd7 12. cxd5 cxd5 13. c4 Bc6 14. Bb2 e5
15. cxd5 Qxd5 16. Bf3 e4 17. Be2 Qg5 18. Ba3 h5 19. Bd6 Rad8 20. Bf4 Qf5 21. h3
Bxd4 22. g4 Qf6 23. Qc1 Bxa1 24. Qxa1 Qxa1 25. Rxa1 Rd2 26. Kf1 hxg4 27. hxg4
Red8 28. Be5 R2d5 29. Bf6 R8d6 30. g5 Kf8 31. Kg2 Ke8 32. Rh1 Bxa4 33. Bg4 Rxf6
34. gxf6 Kd8 35. Ra1 Bc6 36. Rxa7 Rd6 37. Ra8+ Kc7 38. Rc8+ Kb6 39. Rf8 Rxf6
0-1

[Event "2ème Open International de Haute-Bretag"]
[Site "Rennes"]
[Date "2009.??.??"]
[Round "9.23"]
[White "Mevel, Mael"]
[Black "Jouneau, Quentin"]
[Result "0-1"]
[WhiteElo "1800"]
[BlackElo "2007"]
[PlyCount "102"]
[EventDate "2009.08.21"]
[EventType "swiss"]
[EventRounds "9"]
[EventCountry "FRA"]

1. e4 c5 2. Nf3 Nc6 3. d4 cxd4 4. Nxd4 Nf6 5. Nc3 e5 6. Ndb5 d6 7. Nd5 Nxd5 8.
exd5 Nb8 9. Be3 a6 10. Na3 f5 11. Nc4 Nd7 12. f3 Be7 13. Qd2 O-O 14. O-O-O a5
15. Qf2 b5 16. Nb6 Rb8 17. Nxc8 Qxc8 18. h3 Qc7 19. g4 f4 20. Bd2 Rfc8 21. Re1
b4 22. Kb1 a4 23. Ba6 Rd8 24. Qf1 Nc5 25. Bb5 b3 26. cxb3 axb3 27. a3 Qb6 28.
Bc6 Rdc8 29. Rh2 Bf6 30. g5 Bxg5 31. Rg2 Bf6 32. Bc3 Qa7 33. Qg1 Rb6 34. Rc1
Kh8 35. h4 Rcb8 36. h5 Qe7 37. Re1 Rc8 38. Rg4 Rbb8 39. Qf1 Qf7 40. Qh3 Rc7 41.
Reg1 Ra7 42. h6 g6 43. Qf1 Na4 44. Bxa4 Rxa4 45. Qd3 Rc8 46. Qb5 Rac4 47. Rd1
Qf8 48. Rh1 Qe8 49. Qa6 Qd7 50. Rd1 Qf5+ 51. Ka1 Qc2 0-1

[Event "2ème Open International de Haute-Bretag"]
[Site "Rennes"]
[Date "2009.??.??"]
[Round "9.24"]
[White "Arnaud, Jean Paul"]
[Black "Corentin, Louis"]
[Result "0-1"]
[WhiteElo "1884"]
[BlackElo "1737"]
[PlyCount "50"]
[EventDate "2009.08.21"]
[EventType "swiss"]
[EventRounds "9"]
[EventCountry "FRA"]

1. e4 c5 2. Nf3 d6 3. d4 cxd4 4. Nxd4 Nf6 5. Nc3 a6 6. Bg5 e6 7. f4 Qc7 8. Qf3
b5 9. a3 Nbd7 10. Be2 Be7 11. O-O-O h6 12. Bxf6 Nxf6 13. Rhe1 Rb8 14. b4 O-O
15. Rd3 Bb7 16. Bd1 Rfc8 17. Kb2 Qc4 18. Nb3 Qc7 19. g4 Nd7 20. Qg3 Bf6 21. g5
hxg5 22. fxg5 Be5 23. Qe3 Nb6 24. Na5 Bxc3+ 25. Rxc3 Na4+ 0-1

[Event "2ème Open International de Haute-Bretag"]
[Site "Rennes"]
[Date "2009.??.??"]
[Round "9.25"]
[White "Doucin, Paul"]
[Black "Mercier, Jean Loup"]
[Result "1-0"]
[WhiteElo "1705"]
[BlackElo "1875"]
[PlyCount "63"]
[EventDate "2009.08.21"]
[EventType "swiss"]
[EventRounds "9"]
[EventCountry "FRA"]

1. e4 c5 2. Nf3 d6 3. d4 cxd4 4. Nxd4 Nf6 5. Nc3 a6 6. Bc4 e6 7. f4 Qc7 8. Bb3
Nbd7 9. f5 e5 10. Nf3 b5 11. Ng5 Nc5 12. Bxf7+ Ke7 13. Bd5 Bb7 14. Be3 Rb8 15.
O-O h6 16. Ne6 Nxe6 17. Bxe6 Nxe4 18. Nxe4 Bxe4 19. Qh5 Kd8 20. Qh4+ Be7 21.
Qxe4 Rf8 22. c4 bxc4 23. Rac1 Bf6 24. Rxc4 Qa5 25. Qc2 Qb5 26. Rc1 Ke8 27. Rc8+
Rxc8 28. Qxc8+ Bd8 29. Qc6+ Qxc6 30. Rxc6 Ke7 31. Rxa6 g6 32. Bxh6 1-0

[Event "2ème Open International de Haute-Bretag"]
[Site "Rennes"]
[Date "2009.??.??"]
[Round "9.26"]
[White "Graton, Tanguy"]
[Black "Siclet, Mathieu"]
[Result "0-1"]
[WhiteElo "1870"]
[BlackElo "1816"]
[PlyCount "72"]
[EventDate "2009.08.21"]
[EventType "swiss"]
[EventRounds "9"]
[EventCountry "FRA"]

1. e4 c5 2. c3 Nf6 3. e5 Nd5 4. d4 cxd4 5. Nf3 Nc6 6. Bc4 Nb6 7. Bb3 d6 8. cxd4
dxe5 9. d5 Na5 10. Nxe5 Nxb3 11. Qxb3 Qxd5 12. Qg3 Nc4 13. Nxc4 Qxc4 14. Bd2
Bd7 15. Nc3 a6 16. h3 g6 17. Qe5 Qe6 18. Bf4 Bg7 19. Qxe6 Bxe6 20. O-O O-O 21.
a3 Rac8 22. Rac1 Rc4 23. Bd2 Rfc8 24. Rfe1 Kf8 25. Kf1 b5 26. Ke2 b4 27. axb4
Rxb4 28. Nd5 Rxb2 29. Rxc8+ Bxc8 30. Rc1 Be6 31. Ke1 Be5 32. Bh6+ Ke8 33. Ne3
a5 34. f4 Bd4 35. Nc2 Bc3+ 36. Kd1 Bb3 0-1

[Event "2ème Open International de Haute-Bretag"]
[Site "Rennes"]
[Date "2009.??.??"]
[Round "9.27"]
[White "Deceneux, Christophe"]
[Black "Grego, Pierre"]
[Result "1/2-1/2"]
[WhiteElo "1499"]
[BlackElo "1870"]
[PlyCount "91"]
[EventDate "2009.08.21"]
[EventType "swiss"]
[EventRounds "9"]
[EventCountry "FRA"]

1. d4 Nf6 2. c4 g6 3. Nc3 Bg7 4. e4 d6 5. f4 O-O 6. Be2 e5 7. Nf3 exd4 8. Nxd4
Re8 9. Qd3 Nc6 10. Nxc6 bxc6 11. Be3 Qe7 12. Bf3 Bd7 13. O-O-O a5 14. h4 Ng4
15. Bd4 Bh6 16. g3 Rad8 17. h5 g5 18. Qe2 Nf6 19. Be3 g4 20. Bg2 c5 21. f5
Bxe3+ 22. Qxe3 Kh8 23. h6 Bxf5 24. Qg5 Bg6 25. Rde1 Qe5 26. Qf4 Rb8 27. Rhf1
Re6 28. Rf2 Nh5 29. Qxe5+ Rxe5 30. Re3 Rb4 31. b3 Rb8 32. Nd5 c6 33. Nf6 Nxf6
34. Rxf6 Re6 35. Rxe6 fxe6 36. Re1 Kg8 37. Kd2 Rf8 38. Ke3 e5 39. Rh1 Be8 40.
Rh4 Rf6 41. Rxg4+ Rg6 42. Kf3 Kf7 43. Rh4 Bd7 44. Bh3 Bxh3 45. Rxh3 Kf6 46. g4
1/2-1/2

[Event "2ème Open International de Haute-Bretag"]
[Site "Rennes"]
[Date "2009.??.??"]
[Round "9.28"]
[White "Crahan, Alan"]
[Black "Tounsi, Tewfik"]
[Result "1/2-1/2"]
[WhiteElo "1867"]
[BlackElo "1690"]
[PlyCount "151"]
[EventDate "2009.08.21"]
[EventType "swiss"]
[EventRounds "9"]
[EventCountry "FRA"]

1. Nf3 d5 2. c4 c6 3. d4 g6 4. Nc3 Nf6 5. Bg5 Bg7 6. e3 e6 7. Bd3 Nbd7 8. O-O
a6 9. e4 h6 10. Bh4 dxe4 11. Nxe4 g5 12. Nd6+ Kf8 13. Bg3 Ne8 14. Re1 Qe7 15.
Nf5 Qf6 16. Nxg7 Qxg7 17. Ne5 f5 18. Nxd7+ Bxd7 19. Be5 Nf6 20. Qb3 b5 21. Qb4+
Kf7 22. Qd6 Kg6 23. g4 Rad8 24. gxf5+ exf5 25. Qc5 Rhe8 26. Re3 Qf7 27. Rf3 g4
28. Rg3 Ne4 29. Bxe4 fxe4 30. Re1 Qf5 31. Rge3 Rf8 32. Bg3 Qxc5 33. dxc5 Bf5
34. Bd6 Rfe8 35. cxb5 axb5 36. Kg2 Ra8 37. a3 Ra4 38. b4 Rea8 39. Ra1 h5 40.
Kg3 R4a7 41. Kf4 Re8 42. Rd1 Rf7 43. Kg3 Be6 44. Bf4 Bd5 45. Bd6 Re6 46. Ra1
Ref6 47. a4 Rf3+ 48. Rxf3 Rxf3+ 49. Kg2 e3 50. fxe3 Rxe3+ 51. Kg1 bxa4 52. Rxa4
Re2 53. b5 cxb5 54. Ra6 Kf5 55. c6 Rc2 56. c7 b4 57. Rb6 b3 58. Rb8 Be6 59.
Rb5+ Ke4 60. Re5+ Kf3 61. Re1 Bc8 62. Be5 b2 63. Rf1+ Ke4 64. Bxb2 Rxb2 65. Rf8
Ba6 66. c8=Q Bxc8 67. Rxc8 h4 68. Re8+ Kf5 69. Rf8+ Kg6 70. Rg8+ Kf5 71. Rf8+
Ke4 72. Re8+ Kd3 73. Rd8+ Kc2 74. Rd4 Rb1+ 75. Kf2 g3+ 76. hxg3 1/2-1/2

[Event "2ème Open International de Haute-Bretag"]
[Site "Rennes"]
[Date "2009.??.??"]
[Round "9.29"]
[White "Dupitier, Mickael"]
[Black "Delpit, Wilfried"]
[Result "1-0"]
[WhiteElo "1864"]
[BlackElo "1664"]
[PlyCount "69"]
[EventDate "2009.08.21"]
[EventType "swiss"]
[EventRounds "9"]
[EventCountry "FRA"]

1. d4 Nf6 2. Nf3 e6 3. e3 b6 4. Bd3 Bb7 5. O-O Be7 6. c4 c5 7. Nc3 O-O 8. a3 d5
9. cxd5 Nxd5 10. Qe2 Nxc3 11. bxc3 Nd7 12. e4 Nf6 13. Bb2 Qc7 14. Nd2 Rfd8 15.
f4 Bf8 16. Rf3 g6 17. Raf1 Bg7 18. R3f2 cxd4 19. cxd4 Rac8 20. f5 exf5 21. exf5
Re8 22. Qd1 Rf8 23. fxg6 fxg6 24. Nf3 Ng4 25. Rc2 Qd6 26. Rxc8 Bxf3 27. Bc4+
Kh8 28. Rxf8+ Bxf8 29. d5+ Kg8 30. Rxf3 Qxh2+ 31. Kf1 Qh1+ 32. Ke2 Qxg2+ 33.
Kd3 Nf2+ 34. Rxf2 Qxf2 35. d6+ 1-0

[Event "2ème Open International de Haute-Bretag"]
[Site "Rennes"]
[Date "2009.??.??"]
[Round "9.30"]
[White "Le Bail, Arielle"]
[Black "Panaget, Bruno"]
[Result "1/2-1/2"]
[WhiteElo "1847"]
[BlackElo "1499"]
[PlyCount "94"]
[EventDate "2009.08.21"]
[EventType "swiss"]
[EventRounds "9"]
[EventCountry "FRA"]

1. d4 Nf6 2. c4 g6 3. Nc3 Bg7 4. e4 d6 5. f3 O-O 6. Nge2 e5 7. dxe5 dxe5 8.
Qxd8 Rxd8 9. Nd5 Ne8 10. Ne7+ Kf8 11. Nxc8 Rxc8 12. Be3 Rd8 13. Nc3 Na6 14. Kf2
Kg8 15. a3 c6 16. Be2 Nac7 17. Rhd1 b6 18. a4 Bf8 19. Rxd8 Rxd8 20. a5 Bc5 21.
Bxc5 bxc5 22. Rd1 Rxd1 23. Nxd1 Nd6 24. Ke3 Nb7 25. Nf2 f6 26. g3 Nxa5 27. f4
exf4+ 28. gxf4 Ne6 29. Ng4 Kf7 30. e5 f5 31. Nf6 Nf8 32. Bf1 h6 33. h4 h5 34.
Bd3 Nb3 35. Bf1 a5 36. Bg2 Nd4 37. Bh1 Ke7 38. Bg2 Nfe6 39. Bh1 Nc2+ 40. Kd2
Nb4 41. Ke3 Nd4 42. Nh7 Ne6 43. Bf3 Nc2+ 44. Kd2 Ncd4 45. Ke3 Nc2+ 46. Kd2 Ncd4
47. Ke3 Nc2+ 1/2-1/2

[Event "2ème Open International de Haute-Bretag"]
[Site "Rennes"]
[Date "2009.??.??"]
[Round "9.31"]
[White "Assedo, Johaquim"]
[Black "Chevalier, Nathalie"]
[Result "1-0"]
[WhiteElo "1823"]
[BlackElo "1470"]
[PlyCount "77"]
[EventDate "2009.08.21"]
[EventType "swiss"]
[EventRounds "9"]
[EventCountry "FRA"]

1. e4 e6 2. d4 d5 3. Nc3 Bb4 4. e5 Ne7 5. a3 Ba5 6. f4 Nd7 7. Nf3 c5 8. Bd2
cxd4 9. Nxd4 Nc6 10. Ndb5 O-O 11. Bd3 Nc5 12. O-O Nxd3 13. cxd3 Bb6+ 14. Kh1
Bd7 15. Nd6 Rb8 16. b4 Nd4 17. Be3 Nf5 18. Bxb6 Qxb6 19. Nxf5 exf5 20. Nxd5 Qd8
21. Rf2 Bc6 22. Ne3 Qd7 23. d4 Rbd8 24. Rd2 Bd5 25. Rc1 f6 26. Rc5 Qe6 27. Nxd5
Rxd5 28. Qb3 Rc8 29. Rxc8+ Qxc8 30. Qxd5+ Kf8 31. Qc5+ Qxc5 32. bxc5 fxe5 33.
fxe5 Ke7 34. d5 b6 35. c6 g5 36. d6+ Kd8 37. e6 f4 38. Rd5 g4 39. Rg5 1-0

[Event "2ème Open International de Haute-Bretag"]
[Site "Rennes"]
[Date "2009.??.??"]
[Round "9.32"]
[White "Guisset, Philippe"]
[Black "Le Marec, Laura"]
[Result "1/2-1/2"]
[WhiteElo "1985"]
[BlackElo "1550"]
[PlyCount "77"]
[EventDate "2009.08.21"]
[EventType "swiss"]
[EventRounds "9"]
[EventCountry "FRA"]

1. c4 Nf6 2. g3 c6 3. Nf3 d5 4. b3 Bg4 5. d4 Bxf3 6. exf3 g6 7. Be2 Bg7 8. Be3
O-O 9. Kf1 Nbd7 10. f4 Ne8 11. Nd2 Nc7 12. g4 e6 13. Rc1 Qh4 14. g5 h6 15. Nf3
Qh3+ 16. Ke1 hxg5 17. Nxg5 Qh8 18. c5 f6 19. Nf3 e5 20. Rg1 e4 21. Rxg6 exf3
22. Bxf3 f5 23. Qc2 Qh7 24. Rg5 Ne6 25. Rg3 Rae8 26. Kd2 Kf7 27. Rcg1 Ke7 28.
Qd3 Kd8 29. Bg2 Bh6 30. Qc3 Nxf4 31. Qa5+ Kc8 32. Qxa7 Qe7 33. Bf1 Nb8 34. Kc1
Qe4 35. Kd2 Qb1 36. Rg7 Qb2+ 37. Kd1 Bxg7 38. Rxg7 Qb1+ 39. Kd2 1/2-1/2

[Event "2ème Open International de Haute-Bretag"]
[Site "Rennes"]
[Date "2009.??.??"]
[Round "9.33"]
[White "Le Meur, Jean Pierre"]
[Black "Blanchard, Simon"]
[Result "1-0"]
[WhiteElo "1942"]
[BlackElo "1710"]
[PlyCount "95"]
[EventDate "2009.08.21"]
[EventType "swiss"]
[EventRounds "9"]
[EventCountry "FRA"]

1. e4 c5 2. Nf3 d6 3. d4 cxd4 4. Bc4 e6 5. O-O Nf6 6. Qe2 Nc6 7. Rd1 Be7 8. c3
dxc3 9. Nxc3 Nd7 10. Bf4 e5 11. Be3 Nf6 12. Bb5 Bd7 13. h3 O-O 14. Rac1 a6 15.
Bc4 b5 16. Bb3 Na5 17. Bd5 Nxd5 18. Nxd5 Nc4 19. Nxe7+ Qxe7 20. Bg5 f6 21. Bh4
Be6 22. b3 Na5 23. Qd2 Nb7 24. Rc6 Rfc8 25. Rdc1 Qd7 26. Rxc8+ Rxc8 27. Rd1 Rc6
28. Ne1 Nc5 29. f3 Bf7 30. Bf2 Ne6 31. Nc2 a5 32. Ne3 Qc7 33. Nd5 Qd8 34. Qd3
b4 35. Qb5 Be8 36. Qb7 Kf8 37. Bb6 Nc5 38. Qxg7+ Kxg7 39. Bxd8 Nb7 40. Bxf6+
Kf7 41. Bg5 Rc2 42. Rc1 Rxa2 43. Rc7+ Kg6 44. Be7 Nc5 45. Bxd6 Nxb3 46. Bxe5
Nd2 47. Nf4+ Kh6 48. h4 1-0

[Event "2ème Open International de Haute-Bretag"]
[Site "Rennes"]
[Date "2009.??.??"]
[Round "9.34"]
[White "Sinnas, Albert"]
[Black "Pecot, Matthias"]
[Result "1-0"]
[WhiteElo "1836"]
[BlackElo "1930"]
[PlyCount "85"]
[EventDate "2009.08.21"]
[EventType "swiss"]
[EventRounds "9"]
[EventCountry "FRA"]

1. e4 c5 2. Nc3 Nc6 3. g3 d6 4. Bg2 e5 5. Nge2 Nf6 6. O-O Be7 7. d3 Be6 8. f4
Bg4 9. h3 Bxe2 10. Nxe2 Qd7 11. Be3 O-O-O 12. a3 d5 13. fxe5 Nxe5 14. exd5 Nxd5
15. Bd2 f5 16. Nc3 Nf6 17. Qe2 Bd6 18. Bf4 Rde8 19. Qf2 Nh5 20. Be3 Nxg3 21.
Qxg3 Nxd3 22. Qf3 f4 23. Bd2 Ne5 24. Qd5 f3 25. Bxf3 Nxf3+ 26. Rxf3 Re5 27. Qd3
c4 28. Qxc4+ Bc5+ 29. Be3 Qc6 30. Bxc5 Rxc5 31. Qg4+ Kb8 32. Qf4+ Kc8 33. Qg4+
Kb8 34. Raf1 a6 35. Qf4+ Ka8 36. Rd3 Re8 37. Rd6 Qc7 38. Nd5 Qa5 39. b4 Qxa3
40. bxc5 Qxc5+ 41. Kh1 Re2 42. Rd8+ Ka7 43. Qb8# 1-0

[Event "2ème Open International de Haute-Bretag"]
[Site "Rennes"]
[Date "2009.??.??"]
[Round "9.35"]
[White "Loizil, Joel"]
[Black "Ferrandi, Bernard"]
[Result "0-1"]
[WhiteElo "1814"]
[BlackElo "1912"]
[PlyCount "74"]
[EventDate "2009.08.21"]
[EventType "swiss"]
[EventRounds "9"]
[EventCountry "FRA"]

1. d4 f5 2. c4 g6 3. Nf3 Nf6 4. Nc3 Bg7 5. e3 c6 6. Bd3 d6 7. Qe2 O-O 8. O-O b6
9. e4 fxe4 10. Nxe4 Bg4 11. Be3 Nxe4 12. Bxe4 d5 13. cxd5 cxd5 14. Bd3 Nc6 15.
Qd1 Nxd4 16. Bxd4 Bxd4 17. Qa4 Rf4 18. Nxd4 e5 19. Qb3 Rxd4 20. Rfe1 Qd6 21.
Rac1 Rf4 22. Re3 Be6 23. Re2 Raf8 24. Qd1 Bf5 25. Bb5 Rd4 26. Qe1 Re4 27. Rc6
Rxe2 28. Qxe2 Qe7 29. Qd2 Rd8 30. Qc3 d4 31. Qc4+ Kh8 32. Rc7 Qf8 33. Rf7 Qc5
34. Kf1 Qxc4+ 35. Bxc4 d3 36. Ke1 d2+ 37. Kd1 Bc2+ 0-1

[Event "2ème Open International de Haute-Bretag"]
[Site "Rennes"]
[Date "2009.??.??"]
[Round "9.36"]
[White "Duquesnoy, Bruno"]
[Black "Madeline, Paul"]
[Result "1-0"]
[WhiteElo "1900"]
[BlackElo "1579"]
[PlyCount "81"]
[EventDate "2009.08.21"]
[EventType "swiss"]
[EventRounds "9"]
[EventCountry "FRA"]

1. d4 d5 2. c4 c6 3. Nf3 Nf6 4. Nc3 e6 5. Bg5 Nbd7 6. e3 Be7 7. Bd3 dxc4 8.
Bxc4 b5 9. Bd3 O-O 10. O-O h6 11. Bf4 Nb6 12. Ne5 Bb7 13. Rc1 Rc8 14. Ne4 Nfd5
15. Bg3 Bg5 16. Qf3 Nb4 17. Nxg5 Qxg5 18. Bf4 Qe7 19. Be4 N6d5 20. Bg3 a6 21.
a3 f5 22. Bb1 Qg5 23. h4 Qf6 24. Nd7 Qf7 25. Nxf8 c5 26. axb4 Nc3 27. Rxc3 Bxf3
28. gxf3 Qxf8 29. dxc5 Qe8 30. Rd1 Kf7 31. Rcd3 Qc6 32. Kg2 Rc7 33. Bxc7 Qxc7
34. Rd7+ Qxd7 35. Rxd7+ Kg6 36. c6 e5 37. c7 Kh5 38. c8=Q a5 39. Rxg7 axb4 40.
Qxf5+ Kxh4 41. Qh3# 1-0

[Event "2ème Open International de Haute-Bretag"]
[Site "Rennes"]
[Date "2009.??.??"]
[Round "9.37"]
[White "Primault, Loic"]
[Black "Vandomel, Fabrice"]
[Result "0-1"]
[WhiteElo "1591"]
[BlackElo "1895"]
[PlyCount "80"]
[EventDate "2009.08.21"]
[EventType "swiss"]
[EventRounds "9"]
[EventCountry "FRA"]

1. d4 e6 2. c4 b6 3. Nc3 Bb7 4. a3 f5 5. Nf3 d6 6. Qc2 Nf6 7. Bg5 h6 8. Bxf6
Qxf6 9. Nb5 Na6 10. Rd1 Be7 11. d5 e5 12. e4 f4 13. b4 O-O 14. Be2 Bc8 15. O-O
Qg6 16. Kh1 Bd8 17. Rg1 Qh7 18. g3 Nb8 19. c5 bxc5 20. bxc5 dxc5 21. Nxe5 a6
22. Nc3 fxg3 23. Rxg3 Bh4 24. Bc4 Bxg3 25. d6+ Kh8 26. fxg3 g6 27. dxc7 Nd7 28.
Nxd7 Bxd7 29. Nd5 Ra7 30. Qc3+ Qg7 31. Qxg7+ Kxg7 32. Nb6 Bg4 33. Re1 Rxc7 34.
Bxa6 Rc6 35. Rb1 Rb8 36. Bf1 Rcxb6 37. Rxb6 Rxb6 38. Kg2 Rb2+ 39. Kg1 Ra2 40.
h3 Bf3 0-1

[Event "2ème Open International de Haute-Bretag"]
[Site "Rennes"]
[Date "2009.??.??"]
[Round "9.38"]
[White "Louchouarn, Renan"]
[Black "Sanvoisin, Corentin"]
[Result "0-1"]
[WhiteElo "1380"]
[BlackElo "1855"]
[PlyCount "52"]
[EventDate "2009.08.21"]
[EventType "swiss"]
[EventRounds "9"]
[EventCountry "FRA"]

1. e4 c5 2. Nf3 Nc6 3. Bb5 d6 4. Bxc6+ bxc6 5. O-O e6 6. d3 Ne7 7. Bg5 h6 8.
Bh4 Qb6 9. b3 Ng6 10. Bg3 Be7 11. c4 O-O 12. Nbd2 Rd8 13. Qe2 e5 14. h3 Be6 15.
Nh2 Qc7 16. f4 exf4 17. Bxf4 Nxf4 18. Rxf4 d5 19. Raf1 Bd6 20. g3 Bxf4 21. gxf4
dxc4 22. Nxc4 Bxc4 23. dxc4 Qd7 24. Rd1 Qxd1+ 25. Qxd1 Rxd1+ 26. Kg2 Rd2+ 0-1

[Event "2ème Open International de Haute-Bretag"]
[Site "Rennes"]
[Date "2009.??.??"]
[Round "9.39"]
[White "Djendeb, Mohand"]
[Black "Mercier, Franck"]
[Result "0-1"]
[WhiteElo "1845"]
[BlackElo "1623"]
[PlyCount "128"]
[EventDate "2009.08.21"]
[EventType "swiss"]
[EventRounds "9"]
[EventCountry "FRA"]

1. e4 e5 2. Nf3 Nc6 3. Bb5 a6 4. Ba4 d6 5. O-O Nf6 6. Re1 Be7 7. c3 O-O 8. h3
b5 9. Bb3 Bb7 10. d4 exd4 11. cxd4 Na5 12. Bc2 c5 13. Nbd2 Qc7 14. d5 Rac8 15.
Nf1 Nc4 16. b3 Ne5 17. Nxe5 dxe5 18. Ng3 Rfd8 19. Nf5 Kf8 20. Bg5 Nxd5 21. Qh5
Bxg5 22. exd5 h6 23. Qe2 g6 24. h4 Bf4 25. Ne3 Bxe3 26. Qxe3 Kg7 27. Qxe5+ Qxe5
28. Rxe5 Kf6 29. Rae1 Rxd5 30. R5e4 Rd2 31. Rf4+ Kg7 32. Re7 Bd5 33. Be4 Bxe4
34. Rfxe4 Rxa2 35. Ra7 Rc6 36. Ree7 Rf6 37. f3 h5 38. Reb7 Rb2 39. Rc7 Rxb3 40.
Rxc5 Rb4 41. Rc1 Rxh4 42. Ra1 Rc4 43. R1xa6 Rxa6 44. Rxa6 b4 45. Rb6 g5 46. Kh2
f6 47. Kg3 Kg6 48. Rb5 h4+ 49. Kh3 Rf4 50. Rb6 Kf7 51. Kh2 Ke7 52. g3 hxg3+ 53.
Kxg3 Kd7 54. Kg2 Kc7 55. Ra6 Kb7 56. Re6 b3 57. Re1 b2 58. Rb1 Rb4 59. Kf2 Kc6
60. Ke2 Kd5 61. Kd3 Ke5 62. Kc3 Rb6 63. Kd3 Kf4 64. Ke2 Rb3 0-1

[Event "2ème Open International de Haute-Bretag"]
[Site "Rennes"]
[Date "2009.??.??"]
[Round "9.40"]
[White "Bauer, Erich"]
[Black "Le Goff, Thierry"]
[Result "1/2-1/2"]
[WhiteElo "1499"]
[BlackElo "1798"]
[PlyCount "128"]
[EventDate "2009.08.21"]
[EventType "swiss"]
[EventRounds "9"]
[EventCountry "FRA"]

1. c4 e5 2. Nc3 Nf6 3. Nf3 d6 4. d4 exd4 5. Nxd4 Nbd7 6. e4 Nc5 7. Qc2 Be7 8.
Be2 Bg4 9. f3 Bh5 10. O-O O-O 11. Be3 Bg6 12. Rad1 Qc8 13. b4 Ne6 14. Nf5 Re8
15. Nxe7+ Rxe7 16. Nd5 Nxd5 17. cxd5 Nf8 18. Bd3 a6 19. Rc1 Qe8 20. Rfe1 Rc8
21. Bd4 f6 22. Qb2 Nd7 23. Rc2 Ne5 24. Bf1 Bh5 25. Rf2 Bg6 26. f4 Nd7 27. f5
Bf7 28. Rf4 Bxd5 29. Rg4 Bc6 30. Bxf6 Nxf6 31. Qxf6 Qf8 32. Qxf8+ Rxf8 33. Bd3
Rxf5 34. exf5 Rxe1+ 35. Kf2 Re7 36. f6 Rf7 37. Rxg7+ Rxg7 38. fxg7 Kxg7 39. g3
Bd7 40. Ke3 h6 41. Be4 c6 42. h4 Kf6 43. Kf4 h5 44. a3 b6 45. Bf3 Be8 46. g4
hxg4 47. Bxg4 Bg6 48. Bc8 a5 49. bxa5 bxa5 50. Bd7 c5 51. Bc6 Bh7 52. Ke3 Ke5
53. Kd2 d5 54. Kc3 c4 55. h5 Kd6 56. Be8 Kc5 57. Bg6 d4+ 58. Kd2 c3+ 59. Kd3
Bg8 60. h6 c2 61. Kxc2 Kc4 62. Bd3+ Kc5 63. h7 Bxh7 64. Bxh7 Kb5 1/2-1/2